Formule 1 - Quiz pilote : Isack Hadjar - Statistiques

Statistiques générales
  • Ce quiz a été pris 32 fois
  • Le résultat moyen est 12 sur 18
Statistiques - réponses
Hint Réponse % Correct
Championnat du monde Nombres de titre pilote 0
100%
Championnat du monde Nombres de titre constructeur 0
100%
Informations de base Arrivée en Formule 1 (année) 2025
100%
Coéquipiers Depuis 2026 Max Verstappen
100%
Écuries pour lesquelles il a conduit Depuis 2026 Red Bull
100%
Informations de base Double-nationalité (non sportive) Algérie
96%
Autres Son idole en Formule 1 Ayrton Senna / Lewis Hamilton
93%
Coéquipiers 2025 Liam Lawson
93%
Coéquipiers 2025 Yuki Tsunoda
89%
Informations de base Double-nationalité (sportive) France
82%
Écuries pour lesquelles il a conduit 2025 Visa Cash App Racing Bulls
79%
Informations de base Numéro de pilote 6
71%
Autres Son circuit préféré Suzuka, Japon
39%
Informations de base Surnom Petit Prost
29%
Autres Son manga/animé préféré Hunter x Hunter
18%
Informations de base Nom complet Isack Alexandre Hadjar
18%
Autres Quel sport a-t-il abandonné pour le sport auto Le judo
18%
Informations de base Date de naissance 28 septembre 2004
11%
Aucun quiz correspondant
Distribution des résultats
% des personnes avec chaque résultat
Percentile par nombre de réponses
Votre historique - résultats
Vous n’avez pas pris ce quiz